1321 1569 1725 1489 1701 1677 1690 1416 1758 1700 1646 1772 1375 1867 1030 1957 1434 1780 1341 1600 1528 1575 1325 1449 1832 1981 1783 1565 1414 1703 1014 1796 1185 1607 1845 1568 1484 1590 1133 1892 1187 1442 1625 1127 1438 1484 1490 1902 1856 1201 1715 1072 1913 1007 1702 1010 1772 1859 1459 1436 1816 1349 1199 1981 1759 1755 1953 1671 1490 1911 1578 1080 1372 1747 1925 1728 1102 1046 1328 1356 1210 1560 1939 1027 1910 1620 1858 1838 1640 1061 1767 1305 1868 1170 1380 1283 1638 1753 1073 BCNSPRNW ULIB Ver.6.0+V

เปลี่ยนเป็นภาษาไทย

Change to English
 แสดงรายละเอียดบรรณานุกรม
  กลับหน้าหลัก

Brief Record : Get Marc (ISO 2709) : E-mail record : QR code < ปิดหน้าต่าง
LEADER : 00000nam 2200000uu 4500
001    13399108800
003     ULIB
008    110315s2545||||th 000 0 tha d
060  4 W76^bพ361ค 2545
110 1  กระทรวงสาธารณสุข^bสถาบันพระบรมราชชนก
245 00 การประชุมวิชาการพัฒนากำลังคนด้านสุขภาพประจำปี2545 "การปฏิรูปการศึกษาวิทยาศาสตร์สุขภาพ:หลักสูตรและการเรียนรู้":สะท้อนความคิด/^cสาลิกา เมธนาวินและคณะ,บรรณาธิการ
260    นนทบุรี:^bสถาบันพระบรมราชชนก,^c2545
300    70 หน้า
650  7 การพัฒนากำลังคนด้านสุขภาพ^xการประชุม
700 0  สาลิกา เมธนาวินและคณะ,บรรณาธิการ
945    ^p0^l0^i016063
995    ทศพร
999 ^a ใช้งานได้ทุกระบบ
รายการนี้ยังไม่มีแท็ก
คุณยังไม่ได้ล็อกอิน คุณสามารถมีกิจกรรมร่วมกับเว็บไซต์ได้ แต่ต้องล็อกอินก่อน ::
  ล็อกอิน

รายการสื่อสารสนเทศ

ลำดับที่ ประเภท เลขเรียก/บาร์โค้ด สถานที่ สถานะ
- ไม่พบข้อมูล -

BibComment


ยังไม่เคยถูกคอมเมนท์

คอมเมนท์ทรัพยากรรายการนี้
  คอมเมนท์: การประชุมวิชาการพ..


 Copyright 2026. Bcnsprnw @Library